| 000 | 02091nam a2200469 i 4500 | ||
|---|---|---|---|
| 001 | 196148 | ||
| 003 | ES-MaACL | ||
| 005 | 20250826062534.0 | ||
| 008 | 240816s2020 sp a | |||| 100 0 spa | ||
| 015 | _aMON22 | ||
| 017 |
_aM 25244-2020 _bOficina Depósito Legal Madrid |
||
| 020 | _a9788494049163 | ||
| 035 | _a(SpMaBN)a7131986 | ||
| 035 | _a991043510489708606 | ||
| 040 |
_aSpMaBN _bspa _cES-MaACL |
||
| 041 | 0 |
_bspa _beng |
|
| 080 | _a821.134.2 Pérez Galdós, Benito 1.07 | ||
| 245 | 0 | 0 |
_a2020 año galdosiano, madrileño y novelesco / _cPedro Montoliú Camps [y otros siete]. |
| 264 | 1 |
_aMadrid : _bInstituto de Estudios Madrileños, _c2020. |
|
| 264 | 4 | _c©2020 | |
| 300 |
_a222 páginas : _bilustraciones (blanco y negro) ; _c24 cm. |
||
| 336 |
_aTexto _2rdacontent |
||
| 337 |
_asin mediación _2rdamedia |
||
| 338 |
_avolumen _2rdacarrier |
||
| 490 | 1 |
_aBiblioteca de Estudios Madrileños ; _vLII |
|
| 500 | _a"Ciclo de conferencias"--Cubierta | ||
| 504 | _aIncluye referencias bibliográficas | ||
| 530 | _aVersión digital disponible en: https://institutoestudiosmadrileños.es/wp-content/uploads/2021/04/IEM-Galdo%CC%81s-internet.pdf | ||
| 546 | _aTextos en español; resumen en español e inglés | ||
| 600 | 1 | 4 |
_aPérez Galdós, Benito, _d1843-1920- _xCrítica e interpretación _2embne _990875 |
| 655 | 0 |
_aConferencias _9234444 |
|
| 700 | 1 |
_aMontoliú Camps, Pedro, _d1954- _eaut _982680 |
|
| 700 | 1 |
_aHuertas Vázquez, Eduardo _eaut _964577 |
|
| 830 | 0 |
_aBiblioteca de Estudios Madrileños ; _9185680 _vLII |
|
| 852 |
_aES-MaACL _bR.153557 _cDEPOJ _jN-9215 _hDonación: Eduardo Huertas Vázquez _xEncuadernación rústica _9205164 |
||
| 856 | 4 |
_7Accesible el 30/04/2025 _uhttps://institutoestudiosmadrileños.es/wp-content/uploads/2021/04/IEM-Galdo%CC%81s-internet.pdf _yInstituto de Estudios Madrileños |
|
| 903 |
_aHuertas Vázquez, Eduardo _ednr _964577 |
||
| 942 |
_cMONOGRAFIA _n0 |
||
| 999 |
_c196148 _d196148 |
||